| 000 | 007100000a22001210004500 | ||
|---|---|---|---|
| 100 | 1 | _aJunca, Humberto | |
| 245 | 1 | 0 | _aNiño terrible y magnate del arte : un poderoso artista llamado Damien Hirst |
| 300 | _aVol.0, núm.5 (Febrero, 2006), Páginas 16-17 | ||
| 500 | _aArtista y profesor de las universidades Jorge Tadeo Lozano y de los Andes. | ||
| 520 | _aDamien Hirst es hoy uno de los artistas más ricos del mundo y quizá el más subversivo. Sus obras son atacadas por ser agresivas y violentas: encierra animales en cápsulas con formaldehído, secciona reses o inaugura restaurantes como una estrella pop. Ésta es su gran escalada. | ||
| 773 | 0 | _tArcadia / Andrés Felipe Solano, Editor | |
| 942 | _cANA | ||
| 999 |
_c61745 _d61745 |
||